| 000 | 00933nam a22002417a 4500 | ||
|---|---|---|---|
| 999 |
_c6291 _d6291 |
||
| 003 | AR-CdUCM | ||
| 008 | 190314b ||||| |||| 00| 0 spa d | ||
| 040 |
_aMUNICIPALIDAD PROVINCIAL DEL CUSCO _cBIBLIOTECA MUNICIPAL DEL CUSCO |
||
| 082 |
_a869.508 / _bT227 |
||
| 100 |
_aTauro del Pino, Alberto _918053 |
||
| 245 |
_aPerú : _bÉpoca republicana / |
||
| 260 |
_aLima : _bPEISA, _c1973. |
||
| 300 |
_a168 páginas ; _c16 cm. |
||
| 500 | _aDonación familia Nieto | ||
| 505 | _aContenido: Perú : país agropecuario por sus leyes teológicas. La colonia lo desvió hacia la minería, arrancándolo de su cuerpo biológico. Esto engendra la decadencia o estancamiento espiritual del indígena y la perdida del territorio nacional... | ||
| 650 |
_aPerú _935 |
||
| 650 |
_aHistoria _9136 |
||
| 650 |
_aRepública _9831 |
||
| 650 |
_aIndigenismo _9208 |
||
| 700 |
_aBiblioteca peruana _95591 |
||
| 942 |
_2ddc _cLIBROS |
||
| 945 | _adavv | ||